000 00288nam a22001337a 4500
008 170908b xxu||||| |||| 00| 0 eng d
020 _a9781424082346
041 _aeng
080 _a91
100 _a42
101 _aGEO
245 _aPHYSICAL GEOGRAPHY
_cPETERSON.G
942 _2udc
_cBK
999 _c26924
_d26924